• 首页
  • 本馆介绍
  • 公告通知
  • 最新文献
  • 馆藏检索
  • 电子资源
  • 读者导购
  • 参考咨询
  • 我的图书馆
  • 登录
  • 详细信息显示
  • 放入我的书架
  • 预约/预借图书
  • 作者相关作品
  • 分类相关作品
  • 丛书相关作品
  • 出版社相关作品

书目信息

  • 表格格式
  • 工作单格式
  • 卡片格式
题名:
花间派词传
    
 
作者: 徐侠 , 顾农 著
分册: 上  
出版信息: 长春   吉林人民出版社  2005
页数: 24,320页
开本: 20cm
丛书名: 中国历代名家流派词传
单 册:
中图分类: I222.843
科图分类:
主题词: 词(文学)--中国--唐代--选集 , 五代词--中国--选集 , 词(文学) , 五代词
电子资源:
ISBN: 7-206-02926-4
000 00965oam2 2200313 45
001 012005090402
005 20070706093346.39
010    @a7-206-02926-4@dCNY55.00(共2册)
092    @aCN@b105790
100    @a20050904d2005 em y0chiy0120 ea
101 0  @achi
102    @aCN@b220000
105    @ay z 000gy
200 1  @a花间派词传@Ahua jian pai ci zhuan@h上@f徐侠,顾农著@Fxu xia, gu nong zhu
205    @a2版
210    @a长春@c吉林人民出版社@d2005
215    @a24,320页@d20cm
225 2  @a中国历代名家流派词传@f费振刚主编
330    @a本书收录了花间派的词作,作者有温庭筠,皇甫松,薛绍蕴,张泌,欧阳炯等,含概译词与注释。
461    @12001 @a中国历代名家流派词传
606 0  @a词(文学)@y中国@z唐代@j选集
606 0  @a五代词@y中国@j选集
606 0  @a词(文学)
606 0  @a五代词
690    @aI222.843@v4
701  0 @a徐侠@Axu xia@4著
701  0 @a顾农@Agu nong@4著
801  0 @aCN@bLZJBOOK@c20070706
905    @a10447@dI222.843@e513:1=2
    
    花间派词传.上/徐侠,顾农著.-2版.-长春:吉林人民出版社,2005
    24,320页;20cm.-(中国历代名家流派词传/费振刚主编)
    
    
    ISBN 7-206-02926-4:CNY55.00(共2册)
    本书收录了花间派的词作,作者有温庭筠,皇甫松,薛绍蕴,张泌,欧阳炯等,含概译词与注释。
●
相关链接 在E读中查询图书 在五车中查询图书 在当当中查询图书 在豆瓣中查询图书


正题名:花间派词传     索取号:I222.843/513:1=2         预约/预借

序号 登录号 条形码 馆藏地/架位号 状态 备注
1 0557629   205576296   第一样本阅览室/ [索取号:I222.843/513:1=2] 在馆    
2 0557630   205576303   第二借阅区/ [索取号:I222.843/513:1=2] 在馆    
3 0557631   205576312   第二借阅区/ [索取号:I222.843/513:1=2] 在馆    
4 0557632   205576321   第二借阅区/ [索取号:I222.843/513:1=2] 在馆    
5 0557633   205576330   第二借阅区/ [索取号:I222.843/513:1=2] 在馆    
6 0557634   205576349   第二借阅区/ [索取号:I222.843/513:1=2] 在馆    
7 0557635   205576358   第二借阅区/ [索取号:I222.843/513:1=2] 在馆    
8 0557636   205576367   第二借阅区/ [索取号:I222.843/513:1=2] 在馆    
唐山师范学院图书馆 欢迎您!
大连网信软件有限公司© 版权所有